[Event "Wroclaw"]
[Site "?"]
[Date "2020.08.27"]
[Round "5.6"]
[White "Czernek, Tymon"]
[Black "Kitewski, Bartosz"]
[Result "1-0"]
[BlackElo "1291"]
[WhiteElo "2067"]
[LiveChessVersion "1.4.8"]

1. e4 {[%clk 0:03:04]} e6 {[%clk 0:03:03]} 2. d4 {[%clk 0:03:05]} d5
{[%clk 0:03:05]} 3. Nc3 {[%clk 0:03:07]} Nf6 {[%clk 0:03:06]} 4. e5
{[%clk 0:03:08]} Nfd7 {[%clk 0:03:08]} 5. f4 {[%clk 0:03:09]} c5 {[%clk 0:03:09]}
6. Nf3 {[%clk 0:03:09]} Nc6 {[%clk 0:03:09]} 7. Be3 {[%clk 0:03:10]} Be7
{[%clk 0:03:08]} 8. Qd2 {[%clk 0:03:11]} O-O {[%clk 0:03:07]} 9. O-O-O
{[%clk 0:03:08]} a6 {[%clk 0:03:06]} 10. g4 {[%clk 0:02:57]} b5 {[%clk 0:03:07]}
11. dxc5 Nxc5 {[%clk 0:03:08]} 12. Nd4 {[%clk 0:02:52]} Qc7 {[%clk 0:02:53]} 13.
Bg2 {[%clk 0:02:39]} b4 {[%clk 0:02:41]} 14. Nce2 {[%clk 0:02:40]} a5
{[%clk 0:02:41]} 15. Nxc6 {[%clk 0:02:38]} Qxc6 {[%clk 0:02:42]} 16. Nd4
{[%clk 0:02:39]} Qc7 {[%clk 0:02:37]} 17. Kb1 {[%clk 0:02:37]} Rb8
{[%clk 0:02:28]} 18. f5 {[%clk 0:02:37]} a4 {[%clk 0:02:17]} 19. Bf4
{[%clk 0:02:23]} b3 {[%clk 0:02:06]} 20. cxb3 {[%clk 0:02:17]} axb3
{[%clk 0:02:06]} 21. a3 {[%clk 0:02:18]} Ba6 {[%clk 0:02:03]} 22. f6
{[%clk 0:02:11]} Bd8 {[%clk 0:01:59]} 23. Bh6 {[%clk 0:01:56]} gxf6
{[%clk 0:01:28]} 24. Bxf8 {[%clk 0:01:54]} Kxf8 {[%clk 0:01:28]} 25. Qh6+
{[%clk 0:01:55]} Ke8 {[%clk 0:01:27]} 26. exf6 Qe5 {[%clk 0:00:40]} 27. Qxh7
{[%clk 0:01:43]} Bxf6 {[%clk 0:00:36]} 28. Qg8+ {[%clk 0:01:28]} Kd7
{[%clk 0:00:28]} 29. Qxf7+ {[%clk 0:01:28]} Be7 {[%clk 0:00:29]} 30. Qxe7+
{[%clk 0:01:01]} Kxe7 {[%clk 0:00:26]} 31. Nc6+ {[%clk 0:01:02]} Kd6
{[%clk 0:00:28]} 32. Nxe5 {[%clk 0:01:03]} Kxe5 {[%clk 0:00:29]} 33. Rhe1+
{[%clk 0:01:04]} Kd6 {[%clk 0:00:28]} 34. Bf1 {[%clk 0:00:53]} Bc8 35. g5 1-0

[Event "Wroclaw"]
[Site "?"]
[Date "2020.08.27"]
[Round "5.7"]
[White "Poltorak, Sebastian"]
[Black "Koziorowicz, Michal"]
[Result "0-1"]
[BlackElo "2061"]
[WhiteElo "1841"]
[LiveChessVersion "1.4.8"]

1. d4 {[%clk 0:03:03]} f5 {[%clk 0:03:03]} 2. g4 {[%clk 0:03:04]} fxg4
{[%clk 0:03:05]} 3. h3 {[%clk 0:03:05]} g3 {[%clk 0:03:05]} 4. fxg3
{[%clk 0:03:06]} d5 {[%clk 0:03:06]} 5. Nc3 {[%clk 0:02:59]} Nf6 {[%clk 0:03:07]}
6. Bg2 Bf5 {[%clk 0:03:05]} 7. e4 {[%clk 0:01:54]} Nxe4 {[%clk 0:02:42]} 8. Nxe4
{[%clk 0:01:53]} dxe4 {[%clk 0:02:39]} 9. Ne2 {[%clk 0:01:47]} e6
{[%clk 0:02:36]} 10. O-O {[%clk 0:01:36]} Nc6 {[%clk 0:02:31]} 11. Be3
{[%clk 0:01:36]} Bd6 {[%clk 0:02:07]} 12. g4 {[%clk 0:01:30]} Bg6
{[%clk 0:02:07]} 13. Qd2 {[%clk 0:01:26]} Qd7 {[%clk 0:02:01]} 14. Bg5
{[%clk 0:01:11]} Ne7 {[%clk 0:01:42]} 15. Nf4 {[%clk 0:01:01]} Bxf4
{[%clk 0:01:42]} 16. Rxf4 {[%clk 0:00:53]} O-O-O {[%clk 0:01:36]} 17. Bxe7
{[%clk 0:00:48]} Qxe7 {[%clk 0:01:36]} 18. Bxe4 {[%clk 0:00:48]} e5
{[%clk 0:01:28]} 19. Bf5+ {[%clk 0:00:31]} Bxf5 {[%clk 0:01:25]} 20. Rxf5
{[%clk 0:00:32]} exd4 {[%clk 0:01:24]} 21. Re1 {[%clk 0:00:33]} Qd6
{[%clk 0:01:22]} 22. Rfe5 {[%clk 0:00:30]} Rhf8 {[%clk 0:01:19]} 23. Qd3
{[%clk 0:00:28]} Qc6 {[%clk 0:01:03]} 24. Qxh7 {[%clk 0:00:17]} Qf3
{[%clk 0:01:02]} 25. Qh4 {[%clk 0:00:13]} Rh8 {[%clk 0:00:52]} 26. Rh5
{[%clk 0:00:09]} Rxh5 {[%clk 0:00:31]} 27. gxh5 {[%clk 0:00:10]} Qd5
{[%clk 0:00:23]} 28. Qg4+ {[%clk 0:00:10]} Kb8 {[%clk 0:00:21]} 29. Rd1
{[%clk 0:00:05]} Qe5 {[%clk 0:00:16]} 30. Rd3 {[%clk 0:00:04]} b6
{[%clk 0:00:13]} 31. Kg2 {[%clk 0:00:05]} a5 {[%clk 0:00:11]} 32. Qg3
{[%clk 0:00:06]} Qe2+ {[%clk 0:00:11]} 33. Qf2 {[%clk 0:00:07]} Qxh5
{[%clk 0:00:08]} 34. Rxd4 {[%clk 0:00:08]} Rxd4 {[%clk 0:00:09]} 35. Qxd4
{[%clk 0:00:09]} Qg6+ {[%clk 0:00:10]} 36. Kh1 {[%clk 0:00:08]} Qg3
{[%clk 0:00:06]} 37. h4 {[%clk 0:00:06]} g6 {[%clk 0:00:04]} 38. Qd8+
{[%clk 0:00:07]} Ka7 {[%clk 0:00:05]} 39. Qd4 {[%clk 0:00:08]} Qe1+
{[%clk 0:00:04]} 40. Kh2 {[%clk 0:00:08]} Qe2+ {[%clk 0:00:06]} 41. Kg3
{[%clk 0:00:08]} Qxc2 {[%clk 0:00:07]} 42. Qf6 {[%clk 0:00:08]} Qe4
{[%clk 0:00:07]} 43. Qg7 {[%clk 0:00:07]} Kb7 {[%clk 0:00:08]} 44. Qc3
{[%clk 0:00:07]} Qf5 {[%clk 0:00:08]} 45. Qd4 {[%clk 0:00:08]} Qc2
{[%clk 0:00:07]} 46. Qd5+ {[%clk 0:00:08]} Ka7 {[%clk 0:00:08]} 47. Qd4
{[%clk 0:00:09]} Qc6 {[%clk 0:00:09]} 48. Qe5 {[%clk 0:00:08]} Ka6
{[%clk 0:00:08]} 49. Kf4 {[%clk 0:00:09]} Qc1+ {[%clk 0:00:06]} 50. Kg4
{[%clk 0:00:09]} Qg1+ {[%clk 0:00:07]} 51. Kf3 {[%clk 0:00:09]} Qf1+
{[%clk 0:00:08]} 52. Kg4 {[%clk 0:00:09]} Qg2+ {[%clk 0:00:08]} 53. Kf4
{[%clk 0:00:09]} Qh2+ {[%clk 0:00:09]} 54. Ke4 {[%clk 0:00:08]} Qxh4+
{[%clk 0:00:09]} 55. Kd3 {[%clk 0:00:10]} Qh3+ {[%clk 0:00:09]} 56. Kc4
{[%clk 0:00:07]} Qf1+ {[%clk 0:00:10]} 57. Kc3 {[%clk 0:00:06]} Qc1+
{[%clk 0:00:10]} 58. Kb3 {[%clk 0:00:06]} Qc6 {[%clk 0:00:08]} 59. Qe2+
{[%clk 0:00:07]} Qb5+ {[%clk 0:00:09]} 0-1

[Event "Wroclaw"]
[Site "?"]
[Date "2020.08.27"]
[Round "5.8"]
[White "Kania, Dominik"]
[Black "Turski, Bartlomiej"]
[Result "0-1"]
[BlackElo "1929"]
[WhiteElo "1744"]
[LiveChessVersion "1.4.8"]

1. d4 {[%clk 0:03:03]} Nf6 {[%clk 0:03:03]} 2. Bf4 {[%clk 0:03:04]} g6
{[%clk 0:03:03]} 3. e3 {[%clk 0:03:05]} Bg7 {[%clk 0:03:03]} 4. Nf3
{[%clk 0:03:04]} d6 {[%clk 0:02:57]} 5. Nbd2 {[%clk 0:03:05]} d5 {[%clk 0:02:55]}
6. Bd3 {[%clk 0:02:58]} Nbd7 {[%clk 0:02:44]} 7. h3 {[%clk 0:02:58]} O-O
{[%clk 0:02:30]} 8. O-O {[%clk 0:02:56]} c5 {[%clk 0:02:29]} 9. c3
{[%clk 0:02:57]} Qb6 {[%clk 0:02:23]} 10. Qb3 {[%clk 0:02:53]} c4
{[%clk 0:02:17]} 11. Qxb6 {[%clk 0:02:54]} axb6 {[%clk 0:02:18]} 12. Bc2
{[%clk 0:02:54]} b5 {[%clk 0:02:11]} 13. a3 {[%clk 0:02:55]} Nb6 {[%clk 0:02:10]}
14. Rfe1 {[%clk 0:02:52]} Bf5 {[%clk 0:01:36]} 15. e4 {[%clk 0:02:48]} dxe4
{[%clk 0:01:34]} 16. Nxe4 {[%clk 0:02:48]} Nxe4 {[%clk 0:01:31]} 17. Bxe4
{[%clk 0:02:49]} Bxe4 {[%clk 0:01:26]} 18. Rxe4 {[%clk 0:02:50]} e6
{[%clk 0:01:24]} 19. Be5 {[%clk 0:02:01]} Nd5 {[%clk 0:01:18]} 20. Rb1
{[%clk 0:01:57]} Rfe8 {[%clk 0:00:58]} 21. Bxg7 {[%clk 0:01:54]} Kxg7
{[%clk 0:01:00]} 22. Ne5 {[%clk 0:01:54]} Red8 {[%clk 0:00:49]} 23. g3
{[%clk 0:01:40]} Rac8 {[%clk 0:00:43]} 24. h4 {[%clk 0:01:38]} h5
{[%clk 0:00:38]} 25. Nf3 {[%clk 0:01:11]} Rc7 {[%clk 0:00:30]} 26. Kg2
{[%clk 0:00:57]} Re8 {[%clk 0:00:24]} 27. Ng5 {[%clk 0:00:49]} Rd8
{[%clk 0:00:19]} 28. Re2 {[%clk 0:00:48]} Rc6 {[%clk 0:00:17]} 29. Ne4
{[%clk 0:00:39]} b6 {[%clk 0:00:17]} 30. Kf3 {[%clk 0:00:35]} Rd7
{[%clk 0:00:15]} 31. Nd2 {[%clk 0:00:24]} Re7 {[%clk 0:00:11]} 32. Ra1
{[%clk 0:00:13]} Rc8 {[%clk 0:00:08]} 33. Ree1 {[%clk 0:00:11]} Ra7
{[%clk 0:00:08]} 34. Ne4 {[%clk 0:00:09]} Rd8 {[%clk 0:00:07]} 35. Ra2
{[%clk 0:00:07]} Rdd7 {[%clk 0:00:08]} 36. Rea1 {[%clk 0:00:08]} Ra4
{[%clk 0:00:08]} 37. Nd2 {[%clk 0:00:06]} Rda7 {[%clk 0:00:09]} 38. Ke2
{[%clk 0:00:03]} b4 {[%clk 0:00:08]} 39. cxb4 {[%clk 0:00:03]} Nxb4
{[%clk 0:00:09]} 40. axb4 {[%clk 0:00:03]} Rxa2 {[%clk 0:00:11]} 41. Rxa2
{[%clk 0:00:04]} Rxa2 {[%clk 0:00:12]} 42. Nxc4 {[%clk 0:00:05]} b5
{[%clk 0:00:13]} 43. Nd6 {[%clk 0:00:05]} Rxb2+ {[%clk 0:00:14]} 44. Ke3
{[%clk 0:00:06]} Rxb4 {[%clk 0:00:14]} 45. Nb7 {[%clk 0:00:05]} Rb3+
{[%clk 0:00:15]} 46. Kd2 {[%clk 0:00:06]} b4 {[%clk 0:00:16]} 47. Nc5
{[%clk 0:00:06]} Ra3 {[%clk 0:00:17]} 48. Nd3 {[%clk 0:00:06]} Ra2+
{[%clk 0:00:19]} 49. Kd1 {[%clk 0:00:05]} b3 {[%clk 0:00:20]} 50. Nb4 0-1

[Event "Wroclaw"]
[Site "?"]
[Date "2020.08.27"]
[Round "5.9"]
[White "Jedrusik, Adam"]
[Black "Fiedorek, Michal"]
[Result "0-1"]
[BlackElo "1831"]
[WhiteElo "1618"]
[LiveChessVersion "1.4.8"]

1. d4 {[%clk 0:03:03]} Nf6 {[%clk 0:03:02]} 2. Bg5 {[%clk 0:03:04]} d5
{[%clk 0:03:03]} 3. Bxf6 {[%clk 0:03:04]} gxf6 {[%clk 0:03:02]} 4. c4
{[%clk 0:03:04]} e5 {[%clk 0:03:03]} 5. dxe5 {[%clk 0:03:02]} d4 {[%clk 0:03:04]}
6. exf6 {[%clk 0:02:38]} Qxf6 {[%clk 0:03:03]} 7. Nd2 {[%clk 0:02:35]} Nc6
{[%clk 0:02:48]} 8. Ngf3 {[%clk 0:02:34]} Bf5 {[%clk 0:02:44]} 9. a3
{[%clk 0:02:30]} a5 {[%clk 0:02:40]} 10. g3 {[%clk 0:02:29]} a4 {[%clk 0:02:31]}
11. Bg2 {[%clk 0:02:29]} Bc5 {[%clk 0:02:27]} 12. O-O {[%clk 0:02:25]} O-O
{[%clk 0:02:16]} 13. Nh4 {[%clk 0:02:15]} Be6 {[%clk 0:01:42]} 14. Ne4
{[%clk 0:02:07]} Qe7 {[%clk 0:01:41]} 15. Rc1 {[%clk 0:01:37]} f5
{[%clk 0:01:27]} 16. Nxc5 {[%clk 0:01:37]} Qxc5 {[%clk 0:01:28]} 17. Bxc6
{[%clk 0:01:21]} bxc6 {[%clk 0:01:28]} 18. Qd3 {[%clk 0:01:19]} Rab8
{[%clk 0:01:24]} 19. Rc2 {[%clk 0:01:20]} f4 {[%clk 0:00:49]} 20. Nf3
{[%clk 0:01:10]} fxg3 {[%clk 0:00:46]} 21. hxg3 {[%clk 0:01:11]} Bf5
{[%clk 0:00:45]} 22. Qxd4 {[%clk 0:00:39]} Qxd4 {[%clk 0:00:45]} 23. Nxd4
{[%clk 0:00:40]} Bxc2 {[%clk 0:00:46]} 24. Nxc2 {[%clk 0:00:41]} Rxb2
{[%clk 0:00:46]} 25. Nd4 {[%clk 0:00:42]} Ra2 {[%clk 0:00:24]} 26. Nxc6
{[%clk 0:00:35]} Rxa3 {[%clk 0:00:23]} 27. Nd4 {[%clk 0:00:32]} Rc3
{[%clk 0:00:19]} 28. Ne6 {[%clk 0:00:30]} Rf7 {[%clk 0:00:12]} 29. Rd1
{[%clk 0:00:25]} Re7 {[%clk 0:00:11]} 30. Rd8+ {[%clk 0:00:16]} Kf7
{[%clk 0:00:13]} 31. Ng5+ {[%clk 0:00:17]} Kg6 {[%clk 0:00:12]} 32. Nf3
{[%clk 0:00:19]} Rxe2 {[%clk 0:00:11]} 33. Rg8+ {[%clk 0:00:20]} Kf7
{[%clk 0:00:11]} 34. Rc8 {[%clk 0:00:20]} Rxf3 {[%clk 0:00:12]} 35. Rxc7+
{[%clk 0:00:21]} Kg6 {[%clk 0:00:13]} 36. Ra7 {[%clk 0:00:26]} 0-1

[Event "Wroclaw"]
[Site "?"]
[Date "2020.08.27"]
[Round "6.1"]
[White "Skurniak, Szymon"]
[Black "Kacprzak, Karol"]
[Result "1/2-1/2"]
[BlackElo "2012"]
[WhiteElo "1963"]
[LiveChessVersion "1.4.8"]

1. e4 {[%clk 0:03:03]} c5 {[%clk 0:03:04]} 2. b3 {[%clk 0:03:02]} d6
{[%clk 0:03:05]} 3. Bb5+ {[%clk 0:03:02]} Bd7 {[%clk 0:03:06]} 4. Bxd7+
{[%clk 0:03:03]} Qxd7 {[%clk 0:03:06]} 5. f4 {[%clk 0:03:04]} Nc6
{[%clk 0:03:05]} 6. Nf3 {[%clk 0:03:05]} Nf6 {[%clk 0:03:06]} 7. Nc3
{[%clk 0:03:06]} e6 {[%clk 0:03:06]} 8. Bb2 {[%clk 0:03:07]} Be7 {[%clk 0:03:08]}
9. Qe2 {[%clk 0:03:05]} O-O {[%clk 0:03:06]} 10. O-O-O {[%clk 0:02:48]} a6
{[%clk 0:03:07]} 11. d4 {[%clk 0:02:49]} cxd4 {[%clk 0:02:59]} 12. Nxd4
{[%clk 0:02:49]} Qc7 {[%clk 0:02:47]} 13. Nxc6 {[%clk 0:02:50]} bxc6
{[%clk 0:02:47]} 14. f5 {[%clk 0:02:46]} exf5 {[%clk 0:02:05]} 15. exf5
{[%clk 0:02:47]} d5 {[%clk 0:02:06]} 16. Qf3 {[%clk 0:02:27]} Rfe8
{[%clk 0:01:54]} 17. g4 {[%clk 0:02:26]} Bd6 {[%clk 0:01:55]} 18. Kb1
{[%clk 0:01:55]} Ne4 {[%clk 0:01:29]} 19. h4 {[%clk 0:01:12]} Be5
{[%clk 0:01:25]} 20. Rhe1 {[%clk 0:01:04]} Bxc3 {[%clk 0:00:43]} 21. Bxc3
{[%clk 0:01:04]} Nxc3+ {[%clk 0:00:44]} 22. Qxc3 {[%clk 0:01:05]} Rac8
{[%clk 0:00:45]} 23. Rxe8+ {[%clk 0:01:02]} Rxe8 {[%clk 0:00:46]} 24. f6
{[%clk 0:00:55]} Qd6 {[%clk 0:00:32]} 25. fxg7 {[%clk 0:00:53]} c5
{[%clk 0:00:34]} 26. Qf3 {[%clk 0:00:40]} d4 {[%clk 0:00:32]} 27. Rf1
{[%clk 0:00:38]} Qe6 {[%clk 0:00:33]} 28. g5 {[%clk 0:00:34]} Kxg7
{[%clk 0:00:31]} 29. h5 {[%clk 0:00:35]} Kg8 {[%clk 0:00:25]} 30. a4
{[%clk 0:00:32]} c4 {[%clk 0:00:23]} 31. Rd1 {[%clk 0:00:13]} d3 {[%clk 0:00:21]}
32. cxd3 {[%clk 0:00:12]} cxb3 {[%clk 0:00:22]} 33. d4 {[%clk 0:00:12]} Qc4
{[%clk 0:00:23]} 34. Qd3 {[%clk 0:00:10]} Qxa4 {[%clk 0:00:23]} 35. Qd2
{[%clk 0:00:10]} Rc8 {[%clk 0:00:23]} 36. g6 {[%clk 0:00:06]} hxg6
{[%clk 0:00:19]} 37. hxg6 {[%clk 0:00:07]} fxg6 {[%clk 0:00:20]} 38. Rg1
{[%clk 0:00:08]} Kg7 {[%clk 0:00:14]} 39. Qg2 {[%clk 0:00:07]} Qa2+
{[%clk 0:00:12]} 40. Qxa2 {[%clk 0:00:08]} bxa2+ 41. Kxa2 Rc2+ {[%clk 0:00:14]}
42. Kb3 {[%clk 0:00:11]} Rd2 43. Kc3 Ra2 44. Kb3 Ra5 {[%clk 0:00:17]} 45. Kc4
{[%clk 0:00:16]} Rb5 {[%clk 0:00:17]} 46. Ra1 {[%clk 0:00:17]} Kf6
{[%clk 0:00:16]} 1/2-1/2

[Event "Wroclaw"]
[Site "?"]
[Date "2020.08.27"]
[Round "6.2"]
[White "Ochedzan, Tymon"]
[Black "Czernek, Tymon"]
[Result "0-1"]
[BlackElo "2067"]
[WhiteElo "1972"]
[LiveChessVersion "1.4.8"]

1. e4 {[%clk 0:03:03]} c5 {[%clk 0:03:04]} 2. Nf3 d6 3. d4 {[%clk 0:03:04]} cxd4
{[%clk 0:03:07]} 4. Nxd4 {[%clk 0:03:05]} Nf6 {[%clk 0:03:08]} 5. Nc3
{[%clk 0:03:05]} a6 {[%clk 0:03:09]} 6. Bg5 {[%clk 0:03:05]} e6 {[%clk 0:03:11]}
7. f4 {[%clk 0:03:05]} Qb6 {[%clk 0:03:12]} 8. Nb3 {[%clk 0:03:03]} Be7
{[%clk 0:03:11]} 9. Qf3 {[%clk 0:02:59]} Nc6 {[%clk 0:03:06]} 10. O-O-O
{[%clk 0:02:55]} Qc7 {[%clk 0:02:56]} 11. g4 {[%clk 0:02:34]} h6 {[%clk 0:02:48]}
12. Bxf6 {[%clk 0:02:08]} Bxf6 {[%clk 0:02:49]} 13. Qd3 {[%clk 0:01:44]} Be7
{[%clk 0:02:34]} 14. a3 {[%clk 0:01:43]} Bd7 {[%clk 0:02:34]} 15. Bg2
{[%clk 0:01:40]} O-O-O {[%clk 0:02:28]} 16. Rhe1 {[%clk 0:01:34]} Kb8
{[%clk 0:02:21]} 17. Kb1 {[%clk 0:01:34]} g5 {[%clk 0:01:59]} 18. f5
{[%clk 0:01:17]} Ne5 {[%clk 0:01:53]} 19. Qe2 {[%clk 0:01:15]} Nc4
{[%clk 0:01:37]} 20. Qf3 {[%clk 0:00:50]} Rc8 {[%clk 0:01:28]} 21. f6
{[%clk 0:00:41]} Bf8 {[%clk 0:01:22]} 22. Na2 {[%clk 0:00:25]} Ba4
{[%clk 0:01:02]} 23. Re2 {[%clk 0:00:20]} Ne5 {[%clk 0:00:57]} 24. Qg3
{[%clk 0:00:15]} Bb5 {[%clk 0:00:54]} 25. Rf2 {[%clk 0:00:16]} Bc4
{[%clk 0:00:44]} 26. Nb4 {[%clk 0:00:15]} h5 {[%clk 0:00:40]} 27. h3
{[%clk 0:00:15]} hxg4 {[%clk 0:00:40]} 28. hxg4 {[%clk 0:00:16]} Rh4
{[%clk 0:00:41]} 29. Bh3 {[%clk 0:00:13]} a5 {[%clk 0:00:30]} 30. Na2
{[%clk 0:00:14]} Qb6 {[%clk 0:00:23]} 31. Nd4 {[%clk 0:00:13]} Bxa2+
{[%clk 0:00:17]} 32. Kxa2 {[%clk 0:00:15]} Nc4 {[%clk 0:00:18]} 33. b3
{[%clk 0:00:15]} Ne5 {[%clk 0:00:18]} 34. a4 {[%clk 0:00:15]} Qb4
{[%clk 0:00:17]} 35. Nb5 {[%clk 0:00:15]} Rc5 {[%clk 0:00:07]} 36. Nxd6
{[%clk 0:00:14]} Bxd6 {[%clk 0:00:06]} 37. Rxd6 {[%clk 0:00:15]} Rxc2+
{[%clk 0:00:05]} 38. Rxc2 {[%clk 0:00:16]} Qxd6 {[%clk 0:00:06]} 39. Bg2
{[%clk 0:00:14]} Rxg4 {[%clk 0:00:06]} 40. Qf2 {[%clk 0:00:15]} Nd3
{[%clk 0:00:07]} 41. Qd2 {[%clk 0:00:16]} Nb4+ {[%clk 0:00:08]} 42. Kb2
{[%clk 0:00:17]} Qe5+ {[%clk 0:00:09]} 43. Kb1 {[%clk 0:00:17]} Nxc2
{[%clk 0:00:09]} 44. Qxc2 {[%clk 0:00:18]} Qd4 {[%clk 0:00:10]} 45. Bf1
{[%clk 0:00:17]} Rg1 {[%clk 0:00:11]} 46. Qe2 {[%clk 0:00:17]} Qc3
{[%clk 0:00:09]} 47. Qh2+ {[%clk 0:00:19]} Qg3 {[%clk 0:00:09]} 48. Qh8+
{[%clk 0:00:20]} Ka7 {[%clk 0:00:10]} 49. Qd8 {[%clk 0:00:20]} Rxf1+ 50. Ka2 Qf2+
{[%clk 0:00:11]} 51. Ka3 {[%clk 0:00:22]} Ra1# {[%clk 0:00:12]} 0-1

[Event "Wroclaw"]
[Site "?"]
[Date "2020.08.27"]
[Round "6.3"]
[White "Koziorowicz, Michal"]
[Black "Budzisz, Adrian"]
[Result "1-0"]
[BlackElo "1767"]
[WhiteElo "2061"]
[LiveChessVersion "1.4.8"]

1. e4 {[%clk 0:03:04]} e6 {[%clk 0:03:04]} 2. d4 {[%clk 0:03:03]} d5
{[%clk 0:03:05]} 3. Nd2 {[%clk 0:03:01]} c5 {[%clk 0:03:06]} 4. exd5
{[%clk 0:03:01]} exd5 {[%clk 0:03:07]} 5. Ngf3 {[%clk 0:03:01]} Nf6
{[%clk 0:03:08]} 6. c3 {[%clk 0:02:58]} Be7 {[%clk 0:03:06]} 7. Bd3
{[%clk 0:02:59]} O-O {[%clk 0:02:58]} 8. O-O {[%clk 0:02:59]} Nc6
{[%clk 0:02:56]} 9. Re1 {[%clk 0:03:00]} Bg4 {[%clk 0:02:54]} 10. h3
{[%clk 0:02:59]} Bh5 {[%clk 0:02:54]} 11. dxc5 {[%clk 0:02:45]} Bxc5
{[%clk 0:02:54]} 12. Qb3 {[%clk 0:02:44]} Qc7 {[%clk 0:02:31]} 13. g4
{[%clk 0:02:27]} Bg6 {[%clk 0:02:32]} 14. Bxg6 {[%clk 0:02:28]} hxg6
{[%clk 0:02:29]} 15. Nf1 {[%clk 0:02:27]} Ne4 {[%clk 0:02:26]} 16. Be3
{[%clk 0:02:27]} Bxe3 {[%clk 0:02:08]} 17. Nxe3 {[%clk 0:02:25]} Qf4
{[%clk 0:02:06]} 18. Kg2 {[%clk 0:02:14]} Qxf3+ {[%clk 0:02:06]} 19. Kxf3
{[%clk 0:02:13]} Nd2+ {[%clk 0:02:07]} 20. Kg3 {[%clk 0:02:06]} Nxb3
{[%clk 0:02:07]} 21. axb3 {[%clk 0:02:07]} d4 {[%clk 0:02:08]} 22. Nc4
{[%clk 0:02:03]} Rfd8 {[%clk 0:02:02]} 23. Rad1 {[%clk 0:01:59]} Kf8
{[%clk 0:01:49]} 24. b4 {[%clk 0:01:42]} b5 {[%clk 0:01:33]} 25. Na3
{[%clk 0:01:39]} a6 {[%clk 0:01:33]} 26. Nc2 {[%clk 0:01:33]} d3 {[%clk 0:01:11]}
27. Na3 {[%clk 0:01:09]} Rd7 {[%clk 0:01:03]} 28. Nb1 {[%clk 0:01:05]} Rad8
{[%clk 0:00:59]} 29. Nd2 {[%clk 0:01:05]} Re7 {[%clk 0:00:40]} 30. f4
{[%clk 0:00:50]} Re2 {[%clk 0:00:35]} 31. Kf3 {[%clk 0:00:40]} Rde8
{[%clk 0:00:31]} 32. Rxe2 {[%clk 0:00:39]} Rxe2 {[%clk 0:00:31]} 33. Ne4
{[%clk 0:00:33]} Rxb2 {[%clk 0:00:30]} 34. Rxd3 {[%clk 0:00:34]} Ke7
{[%clk 0:00:23]} 35. Nc5 {[%clk 0:00:35]} Rh2 {[%clk 0:00:23]} 36. Kg3
{[%clk 0:00:34]} Rc2 {[%clk 0:00:23]} 37. Nxa6 {[%clk 0:00:33]} f5
{[%clk 0:00:19]} 38. Nc7 {[%clk 0:00:33]} Na7 {[%clk 0:00:07]} 39. Nd5+
{[%clk 0:00:32]} Kf7 {[%clk 0:00:07]} 40. Re3 {[%clk 0:00:29]} Nc6
{[%clk 0:00:06]} 41. Nc7 {[%clk 0:00:30]} Na7 {[%clk 0:00:06]} 42. gxf5
{[%clk 0:00:27]} gxf5 {[%clk 0:00:07]} 43. Kh4 {[%clk 0:00:27]} g6
{[%clk 0:00:07]} 44. Rd3 {[%clk 0:00:22]} Rf2 {[%clk 0:00:06]} 45. Kg3
{[%clk 0:00:22]} Rc2 {[%clk 0:00:07]} 46. Rd7+ {[%clk 0:00:22]} Kg8
{[%clk 0:00:04]} 47. Nd5 {[%clk 0:00:19]} Nc6 {[%clk 0:00:05]} 48. Rd6
{[%clk 0:00:20]} 1-0

[Event "Wroclaw"]
[Site "?"]
[Date "2020.08.27"]
[Round "6.4"]
[White "Suder, Jakub"]
[Black "Kacprzak, Kacper"]
[Result "1/2-1/2"]
[BlackElo "2035"]
[WhiteElo "2031"]
[LiveChessVersion "1.4.8"]

1. d4 {[%clk 0:03:03]} Nf6 {[%clk 0:03:04]} 2. Bf4 {[%clk 0:03:04]} c5
{[%clk 0:03:00]} 3. e3 {[%clk 0:03:05]} d5 {[%clk 0:03:01]} 4. c3
{[%clk 0:03:01]} Nc6 {[%clk 0:03:00]} 5. Nd2 {[%clk 0:02:52]} e6 {[%clk 0:02:58]}
6. Bd3 {[%clk 0:02:52]} Bd6 {[%clk 0:02:58]} 7. Bxd6 {[%clk 0:02:53]} Qxd6
{[%clk 0:02:59]} 8. f4 {[%clk 0:02:54]} b6 {[%clk 0:02:59]} 9. Ngf3
{[%clk 0:02:54]} Bb7 {[%clk 0:03:00]} 10. Ne5 {[%clk 0:02:54]} Ne7
{[%clk 0:03:00]} 11. Qf3 {[%clk 0:02:50]} Nf5 {[%clk 0:03:01]} 12. g4
{[%clk 0:02:35]} Ne7 {[%clk 0:02:38]} 13. O-O {[%clk 0:02:20]} Nd7
{[%clk 0:02:37]} 14. Bb5 {[%clk 0:02:04]} Nc6 {[%clk 0:02:34]} 15. Nxd7
{[%clk 0:02:00]} Qxd7 {[%clk 0:02:33]} 16. Qg3 {[%clk 0:01:51]} a6
{[%clk 0:02:34]} 17. Bd3 {[%clk 0:01:47]} Qd6 {[%clk 0:02:30]} 18. Nf3
{[%clk 0:01:44]} O-O-O {[%clk 0:01:57]} 19. Ne5 {[%clk 0:01:35]} Qc7
{[%clk 0:01:59]} 20. a4 {[%clk 0:01:12]} f6 {[%clk 0:02:00]} 21. Nxc6
{[%clk 0:01:11]} Qxc6 {[%clk 0:02:00]} 22. b4 {[%clk 0:00:52]} c4
{[%clk 0:01:59]} 23. Bc2 {[%clk 0:00:52]} Qd6 {[%clk 0:01:57]} 24. a5
{[%clk 0:00:50]} b5 {[%clk 0:01:58]} 25. Rae1 {[%clk 0:00:50]} Rde8
{[%clk 0:01:25]} 26. Rf2 {[%clk 0:00:44]} Bc6 {[%clk 0:01:10]} 27. Qg2
{[%clk 0:00:41]} e5 {[%clk 0:01:05]} 28. fxe5 {[%clk 0:00:37]} fxe5
{[%clk 0:01:06]} 29. Ref1 {[%clk 0:00:33]} exd4 {[%clk 0:00:58]} 30. exd4
{[%clk 0:00:35]} Rhf8 {[%clk 0:00:59]} 31. Rxf8 {[%clk 0:00:34]} Rxf8
{[%clk 0:01:01]} 32. Rxf8+ {[%clk 0:00:34]} Qxf8 {[%clk 0:01:02]} 33. Qf2
{[%clk 0:00:35]} Qxf2+ {[%clk 0:00:49]} 34. Kxf2 {[%clk 0:00:36]} h6
{[%clk 0:00:50]} 35. g5 {[%clk 0:00:28]} hxg5 36. Kg3 {[%clk 0:00:29]} Bd7
{[%clk 0:00:35]} 37. Bg6 {[%clk 0:00:29]} Be6 {[%clk 0:00:33]} 38. Bh5
{[%clk 0:00:27]} Kd8 {[%clk 0:00:34]} 39. Bg6 {[%clk 0:00:23]} Ke7
{[%clk 0:00:35]} 40. Bh5 {[%clk 0:00:22]} Bd7 {[%clk 0:00:34]} 41. Bf3
{[%clk 0:00:20]} Be6 {[%clk 0:00:31]} 42. Bh5 {[%clk 0:00:21]} Bd7
{[%clk 0:00:17]} 43. Bf3 {[%clk 0:00:21]} Kd6 {[%clk 0:00:15]} 44. Bh5
{[%clk 0:00:20]} Ke7 {[%clk 0:00:13]} 45. Bf3 {[%clk 0:00:21]} Be6
{[%clk 0:00:14]} 46. Bh5 {[%clk 0:00:22]} Bd7 {[%clk 0:00:10]} 1/2-1/2

[Event "Wroclaw"]
[Site "?"]
[Date "2020.08.27"]
[Round "6.5"]
[White "Turski, Bartlomiej"]
[Black "Niedbala, Bartlomiej"]
[Result "0-1"]
[BlackElo "2131"]
[WhiteElo "1929"]
[LiveChessVersion "1.4.8"]

1. e4 {[%clk 0:03:03]} g6 {[%clk 0:03:04]} 2. d4 {[%clk 0:03:05]} Bg7
{[%clk 0:03:05]} 3. Nc3 a6 4. Be3 {[%clk 0:02:54]} b5 {[%clk 0:03:08]} 5. Qd2
{[%clk 0:02:55]} Bb7 {[%clk 0:03:10]} 6. f3 {[%clk 0:02:56]} d6 {[%clk 0:03:11]}
7. h4 {[%clk 0:02:54]} h6 {[%clk 0:03:13]} 8. g4 {[%clk 0:02:48]} Nd7
{[%clk 0:03:14]} 9. O-O-O Rc8 10. Kb1 {[%clk 0:01:45]} c5 {[%clk 0:03:17]} 11.
dxc5 {[%clk 0:01:45]} Nxc5 {[%clk 0:03:19]} 12. Bd4 {[%clk 0:01:34]} Nf6
{[%clk 0:03:09]} 13. Bh3 {[%clk 0:01:15]} Ne6 {[%clk 0:03:11]} 14. Be3
{[%clk 0:00:56]} Rxc3 {[%clk 0:02:51]} 15. Qxc3 {[%clk 0:00:47]} Nxe4
{[%clk 0:02:48]} 16. Qe1 {[%clk 0:00:41]} N4c5 {[%clk 0:02:41]} 17. g5
{[%clk 0:00:30]} h5 {[%clk 0:02:30]} 18. Bxe6 {[%clk 0:00:26]} Nxe6
{[%clk 0:02:30]} 19. Qe2 {[%clk 0:00:21]} O-O {[%clk 0:02:30]} 20. Rh2
{[%clk 0:00:21]} Qa5 {[%clk 0:02:27]} 21. Bd2 {[%clk 0:00:09]} Qc7
{[%clk 0:02:19]} 22. f4 {[%clk 0:00:05]} Nxf4 {[%clk 0:02:19]} 0-1